LEADER 00954nam a2200241 i 4500 001 000000170617 003 CaOOAMICUS 005 20080403000000.0 008 080403s1969 fr u000 u fre u 013 $a148033 040 $aSeMil$bita 100 1 $aAsturias, Miguel Angel,$d<1899-1974>.$0(OLS)http://semarc/name/30018 245 10$aRoumanie d'aujourd'hui /$cMiguel Angel Asturias ; traduit de l'espagnol par Claude Bourguignon. 260 $aParis :$bA. Michel,$ccopyr. 1969. 300 $a254 p., 52 p. di tav. ;$c22 cm. 500 $aFondo Card. Giovanni Colombo. 700 1 $aBourguignon, Claude.$0(OLS)http://semarc/name/63856 850 $aSeMil 852 $aSeMil$W1$xVenegono$y1$m4Y III 53$j121501$B121501$CSeMilBibl$Z2$F132957 $81 941 1 $a3 961 $aLascito: Colombo Card. Giovanni 996 $6245$aRoumanie d'aujourd'hui$9(OLS)http://semarc/title/244041 996 $6260$aParis :$bA. Michel$9(OLS)http://semarc/publisher/33753 LEADER 00936nam a2200217 i 4500 001 000000118602 003 CaOOAMICUS 005 20040830000000.0 008 040830s1935 it u000 u ita u 013 $a91295 040 $aSeMil$bita 100 1 $aSolmi, Arrigo.$0(OLS)http://semarc/name/5480 245 10$aDiscorsi sulla Storia d'Italia :$bcon una introduzione, una appendice e note illustrative /$cArrigo Solmi. 250 $a2. Ed. riveduta e ampliata. 260 $aFirenze :$bLa Nuova Italia,$c1935. 300 $aLXXIX, 359 p. ;$c22 cm. 650 4$aItalia - Storia.$0(OLS)http://semarc/subject/579 850 $aSeMil 852 $aSeMil$W1$xVenegono$y1$m3V III 112$j73896$B73896$CSeMilBibl$Z2$F85741 $81 996 $6245$aDiscorsi sulla Storia d'Italia :$bcon una introduzione, una appendice e note illustrative$9(OLS)http://semarc/title/174244 996 $6260$aFirenze :$bLa Nuova Italia$9(OLS)http://semarc/publisher/30055